Normal view
MARC view
- CIRCUITS-AUTOTEXT-PROGRAMED COURSE
Entry Topical Term
001 - CONTROL NUMBER
- control field: 78481
003 - CONTROL NUMBER IDENTIFIER
- control field: NUST
005 - DATE AND TIME OF LATEST TRANSACTION
- control field: 20210628210210.0
008 - FIXED-LENGTH DATA ELEMENTS
- fixed length control field: 210628|| aca||aabn | a|a d
040 ## - CATALOGING SOURCE
- Original cataloging agency: NUST
- Transcribing agency: NUST
150 ## - HEADING--TOPICAL TERM
- Topical term or geographic name entry element: CIRCUITS-AUTOTEXT-PROGRAMED COURSE
670 ## - SOURCE DATA FOUND
- Source citation: Work cat.: (NUST): MCGINTY, GERALD,FRIEDMAN, JACK W,RICE, HARRY G 78480, BASIC ELECTRONICS "AUTOTEXT" A PROGRAMED COURSE IN CIRCUITS, 1965
